000 00777nam a2200253Ia 4500
003 OSt
005 20220923222745.0
006 a|||||r|||| 00| 0
007 ta
008 220922b |||||||| |||| 00| 0 hin d
024 _a207,442
037 _cTextual
040 _aARTS
_cARTS
_bhin
041 _2hin
_ahin
082 _aO152,3NKUx, L6
100 _aकुलभूषण
_9156280
245 0 _aपानी और रेत के कण
246 _aPānī aur ret ke kaṇa
260 _aदिल्ली
_b सामायिक प्रका0
_c1976
300 _a144पृ.
_ccm.
650 _aहिन्दी साहित्य
_9156264
942 _hO152,3NKUx, L6
_cTEXL
_2CC
999 _c358059
_d358059